60 Second Animal Blitz - Statistics

General Stats
  • This quiz has been taken 59 times
  • The average score is 19 of 36
Answer Stats
Picture Answer % Correct
lion
89%
horse
87%
tiger
87%
zebra
87%
cow
84%
pig
84%
eagle
82%
koala
82%
chicken
78%
raccoon
76%
parrot
73%
panda
69%
lobster
67%
sloth
67%
chimp
64%
gorilla
64%
otter
64%
leopard
62%
sheep
62%
moose
60%
fox
53%
snail
44%
cat
40%
polar bear
40%
toucan
36%
hammerhead shark
33%
ostrich
31%
duck
29%
frog
29%
octopus
29%
mouse
22%
orca
22%
dolphin
16%
flamingo
16%
seahorse
11%
platypus
9%
No matching quizzes found
Score Distribution
Percent of People with Each Score
Percentile by Number Answered
Your Score History
You have not taken this quiz